Internet marketing building advantage in the networked economy
Salvato in:
| Autore principale: | |
|---|---|
| Natura: | Libro |
| Lingua: | inglese |
| Pubblicazione: |
New York
McGraw-Hill/Irwin marketspaceU
2002
|
| Soggetti: | |
| Tags: |
Nessun Tag, puoi essere il primo ad aggiungerne!!
|
MARC
| LEADER | 00000nam$a2200000$$$4500 | ||
|---|---|---|---|
| 001 | 0106472 | ||
| 005 | 20240311125311.6 | ||
| 020 | |a 0-07-251022-6 | ||
| 041 | 0 | |a eng | |
| 044 | |a US | ||
| 245 | 1 | 0 | |a Internet marketing |b building advantage in the networked economy |c Rafi Mohammed ... [et al.] |
| 264 | 1 | |a New York |b McGraw-Hill/Irwin marketspaceU |c 2002 | |
| 300 | |a xli, 726 s. | ||
| 610 | 2 | 0 | |a marketing |
| 610 | 2 | 0 | |a internet |
| 610 | 2 | 0 | |a stratégia podnikateľská |
| 610 | 2 | 0 | |a stratégia marketingová |
| 610 | 2 | 0 | |a trh |
| 610 | 2 | 0 | |a zákazníci |
| 610 | 2 | 0 | |a komunikácia |
| 610 | 2 | 0 | |a tvorba cien |
| 610 | 2 | 0 | |a distribúcia |
| 100 | 1 | |a Mohammed, Rafi | |